Using children's books in reading a how-to-do-it manual for library applications
Saved in:
| Main Author: | |
|---|---|
| Other Authors: | |
| Format: | Book |
| Language: | English |
| Published: |
New York :
Neal-Schuman,
1992
|
| Series: | How-to-do-it manuals for school and public librarians ;
; 3 |
| Subjects: | |
| Tags: |
Add Tag
No Tags, Be the first to tag this record!
|
MARC
| LEADER | 00000nam a2200000 i 4500 | ||
|---|---|---|---|
| 001 | 1/100503 | ||
| 008 | 000201s1992 eng d | ||
| 020 | |a 1-55570-101-9 | ||
| 035 | |l 10057302 | ||
| 040 | |a GR-MY-UA |b gre |e aacr | ||
| 041 | 0 | |a eng | |
| 082 | 0 | |a 025.21878 | |
| 100 | 1 | |a Canavan, Diane D. | |
| 245 | 1 | 0 | |a Using children's books in reading/language arts programs : |b a how-to-do-it manual for library applications / |c Diane D. Canavan, Lavonne Hayes Sanborn |
| 260 | |a New York : |b Neal-Schuman, |c 1992 | ||
| 300 | |a 206 p. | ||
| 490 | 1 | |a How-to-do-it manuals for school and public librarians |v ; 3 | |
| 650 | 0 | 0 | |a Children's libraries |x Book selection |x Handbooks, manuals, etc. |
| 650 | 0 | 0 | |a Children's literature |x Bibliography |x Handbooks, manuals, etc. |
| 650 | 0 | 0 | |a School libraries |x Book selection |x Handbooks, manuals, etc. |
| 650 | 0 | 0 | |a Children |x Books and reading |x Handbooks, manuals, etc. |
| 650 | 0 | 0 | |a Language arts |x Handbooks, manuals, etc. |
| 700 | 1 | |a Sanborn, LaVonne Hayes. | |
| 830 | 0 | |a How-to-do-it manuals for school and public librarians ; |v ; 3 | |
| 852 | |a INST |b RHODES |e 20000201 |h 025.21878 CAN |p 005400012203 |q 005400012203 |t BK |y 0 | ||
| 901 | |a BIBL4-2000-1 | ||
| 909 | |a Ρ |b 068690 | ||
| 922 | |a 4ΕΛΗ |b 199909 |c ΚΠΣ/154 |d GLORY BOOKS | ||
| 970 | |a ΚΟΥΛΑΚΙΟΤΗ |b ΛΙΤΣΑ |z 2000/02/01 | ||